Πρακτικό βοήθημα εφαρμογής του ελληνικού γενικού λογιστικού σχεδίου
Saved in:
| Main Author: | |
|---|---|
| Format: | Book |
| Language: | Greek |
| Published: |
Αθήνα :
Σάκκουλας,
2005
|
| Edition: | 12η έκδ. |
| Subjects: | |
| Tags: |
Add Tag
No Tags, Be the first to tag this record!
|
MARC
| LEADER | 00000nam a2200000 i 4500 | ||
|---|---|---|---|
| 001 | 1/21610 | ||
| 008 | 060112s2005 gre d | ||
| 020 | |a 960-15-1376-0 | ||
| 035 | |l 10081927 | ||
| 040 | |a GR-MY-UA |b gre |e aacr | ||
| 041 | 0 | |a gre | |
| 082 | 0 | |a 656.09495 |2 (22) | |
| 100 | 1 | |a Γρηγοράκος, Θεόδωρος Γ. | |
| 245 | 1 | 0 | |a Πρακτικό βοήθημα εφαρμογής του ελληνικού γενικού λογιστικού σχεδίου / |c Θεόδωρου Γ. Γρηγοράκου |
| 250 | |a 12η έκδ. | ||
| 260 | |a Αθήνα : |b Σάκκουλας, |c 2005 | ||
| 300 | |a 710 σ.; |c 25 εκ. | ||
| 500 | |a Σχέδιο λογαριασμών συμπληρωμένο με τους νέους λογαρισμούς που καθιερώθηκαν.... | ||
| 500 | |a Πλήρως ενημερωμένη | ||
| 504 | |a Περιλαμβάνει ευρετήριο | ||
| 650 | 0 | 0 | |a Accounting |x Handbooks, manuals, etc. |z Greece. |
| 852 | |a INST |b CHIOS |e 20060123 |h 657.09495 ΓΡΗ |p 005200024108 |q 005200024108 |t BK |y 0 | ||
| 852 | |a INST |b CHIOS |e 20060123 |h 657.09495 ΓΡΗ |p 005200024109 |q 005200024109 |t BK |y 0 | ||
| 852 | |a INST |b CHIOS |e 20060112 |h 657.09495 ΓΡΗ |p 005200024114 |q 005200024114 |t BK |y 0 | ||
| 852 | |a INST |b CHIOS |e 20060112 |h 657.09495 ΓΡΗ |p 005200024115 |q 005200024115 |t BK |y 0 | ||
| 901 | |a BIBL2-2006-1 | ||
| 909 | |a Χ |b 102804 | ||
| 909 | |a Χ |b 112148 | ||
| 909 | |a Χ |b 102753 | ||
| 909 | |a Χ |b 102752 | ||
| 920 | |a ΤΜΗΜΑ ΔΙΟΙΚΗΣΗΣ ΕΠΙΧΕΙΡΗΣΕΩΝ |y ΧΙΟΣ |z 2006-01 | ||
| 970 | |a ΧΑΖΙΡΗ |b ΑΝΝΑ |z 2006/01/12 | ||